000 00489nam a2200169Ia 4500
003 GCL
008 140319s9999 xx 000 0 ara d
040 _aGCL /
_cGCL
082 0 4 _a891.7
_bف ق
100 1 _aفؤاد أيوب
245 1 0 _aقصص روسية /
_cفؤاد أيوب
300 _a96 ص
490 _aالكتاب الاول
_v0
650 0 4 _aالادب الروسى المترجم
650 0 4 _aالقصص الروسية القصيرة المترجمة
942 _2ddc
_cBK
999 _c47258
_d47258